Largest Cities in the U.S by States Start for A - Statistics

General Stats
  • This quiz has been taken 102 times
  • The average score is 17 of 38
Answer Stats
State Population City % Correct
Alaska 282,958 Anchorage
95%
Georgia 524,067 Atlanta
95%
New Mexico 562,281 Albuquerque
90%
Texas 1,011,790 Austin
89%
New York 95,358 Albany
88%
Oregon 56,978 Albany
88%
Colorado 388,723 Aurora
83%
Illinois 194,873 Aurora
83%
California 349,699 Anaheim
79%
Virginia 233,464 Arlington
76%
Michigan 117,082 Ann Arbor
75%
Ohio 197,023 Akron
71%
Pennsylvania 121,252 Allentown
70%
North Carolina 93,350 Asheville
62%
Louisiana 45,412 Alexandria
48%
Wisconsin 73,538 Appleton
44%
Alabama 67,787 Auburn
42%
Maine 23,564 Auburn
42%
Washington 80,814 Auburn
42%
Indiana 54,529 Anderson
40%
South Dakota 27,859 Aberdeen
38%
New Jersey 38,041 Atlantic City
36%
Iowa 71,569 Ankeny
29%
Arizona 92,363 Avondale
27%
Minnesota 57,275 Apple Valley
24%
Tennessee 14,196 Athens
21%
Kansas 13,639 Andover
20%
Oklahoma 24,538 Ardmore
18%
Kentucky 19,582 Ashland
17%
Arkansas 10,794 Arkadelphia
15%
South Carolina 31,041 Aiken
14%
Massachusetts 45,387 Attleboro
13%
Utah 34,521 American Fork
10%
Idaho 18,523 Ammon
7%
Florida 91,068 Alafaya
5%
Maryland 53,049 Aspen Hill
4%
Connecticut 18,452 Ansonia
2%
Missouri 21,027 Arnold
2%
No matching quizzes found
Score Distribution
Percent of People with Each Score
Percentile by Number Answered
Your Score History
You have not taken this quiz